000
00231nam a22000857a 4500
008
240416b |||||||| |||| 00| 0 eng d
020
_a
9789355558817
100
_a
MTG LEARNING MESIA P LTD
_9
7768
245
_a
CHEMISTRY NEET CLASS XI-XII
999
_c
12568
_d
12568